000 00585 a2200241 4500
001 112108
020 _a0395631165
020 _a0395971233 (pbk.)
041 _aeng
090 _aAP SK [E] PIN
092 _a91045415
100 _aPinczes, Elinor J.
250 _a. ed.
300 _a[32] p.
697 _aAnts - Fiction.
697 _aDivision.
697 _aStories in rhyme.
856 _u000020/00002012.jpg
040 _aBR-BrIDEA
_cBR-BrIDEA
245 1 0 _aOne hundred hungry ants
_c Elinor J Pinczes
260 _aNew York
_bHoughton Mifflin
_c1993
942 _cBK
999 _c112108
_d112108